00823cam a22002534a 45000010009000000050017000090080041000260100017000670200036000840200035001200400018001550410008001730420008001810800014001890820025002031000006002281010008002342450105002425040051003479060045003989420012004439990017004559520097004721257779020180109084117.0011101s2001 nyuab b 101 0 eng  a 2001055878 a1573313726 (cloth : alk. paper) a1573313734 (pbk. : alk. paper) aDLCcDLCdDLC aeng apcc a614.4 WEI00a500 sa614.4 WEI221 a3 aSHM00aPopulation health and aging :cedited by Maxine Weinstein, Albert I. Hermalin, and Michael A. Stoto. aIncludes bibliographical references and index. a7bcbccorignewd1eocipf20gy-gencatlg 2ddccBK c39962d39962 00102ddc4070a002b002d2018-01-09l0o614 4WEIp002-2995112r2018-01-09w2018-01-09yBK